Interkultúrny manažment ako súčasť organizačnej kultúry v multikultúrnom podnikateľskom prostredí v slovenských podmienkach

V SR sa v posledných rokoch zvyšuje podiel firiem, ktorých vlastník pochádza zo zahraničia. Z toho vyplýva rastúca potreba interkultúrneho manažmentu v organizačnej kultúre firiem. Zameranie sa na vybrané aspekty interkultúrneho manažmentu v podnikateľskom prostredí v Slovenskej republike.

Enregistré dans:
Détails bibliographiques
Auteur principal: Lincényi, Marcel
Format: Chapitre de livre
Langue:slovaque
Sujets:
Tags: Ajouter un tag
Pas de tags, Soyez le premier à ajouter un tag!

MARC

LEADER 00000naa a2200000 4500
001 0299166
005 20240723102222.7
041 0 |a slo 
044 |a SK 
245 1 0 |a Interkultúrny manažment ako súčasť organizačnej kultúry v multikultúrnom podnikateľskom prostredí v slovenských podmienkach  |c Marcel Lincényi 
520 |a V SR sa v posledných rokoch zvyšuje podiel firiem, ktorých vlastník pochádza zo zahraničia. Z toho vyplýva rastúca potreba interkultúrneho manažmentu v organizačnej kultúre firiem. Zameranie sa na vybrané aspekty interkultúrneho manažmentu v podnikateľskom prostredí v Slovenskej republike. 
610 2 0 |a manažment 
610 2 0 |a firmy 
610 2 0 |a komunikácia interkultúrna 
610 2 0 |a kultúra podniková 
610 2 0 |a multikulturalizmus 
610 2 0 |a prostredie podnikateľské 
610 2 0 |a manažment interkultúrny 
610 2 0 |a Slovensko 
100 1 |a Lincényi, Marcel